000 00505nam a2200205Ia 4500
003 OSt
005 20220926045212.0
006 a|||||r|||| 00| 0
007 ta
008 220923b |||||||| |||| 00| 0 eng d
037 _cGeneral Book
040 _aRTL
_cRTL
_beng
041 _2eng
_aeng
082 _aX71.282.N73, L3/GD
245 0 _aBudget
_b Rajasthan
260 _c1973
300 _a726 p
_ccm.
942 _hX71.282.N73, L3/GD
_cGB
_2CC
999 _c676943
_d676943